Networking and the future of libraries / (Record no. 133220)

MARC details
000 -LEADER
fixed length control field 00711nam a22002537a 4500
003 - CONTROL NUMBER IDENTIFIER
control field 0
005 - DATE AND TIME OF LATEST TRANSACTION
control field 20180803123952.0
008 - FIXED-LENGTH DATA ELEMENTS--GENERAL INFORMATION
fixed length control field 0
010 ## - LIBRARY OF CONGRESS CONTROL NUMBER
LC control number B-019722
020 ## - INTERNATIONAL STANDARD BOOK NUMBER
Terms of availability 00.00
International Standard Book Number 8187317353
035 ## - SYSTEM CONTROL NUMBER
System control number B-019722, B-019724
037 ## - SOURCE OF ACQUISITION
Source of stock number/acquisition Cen Lib/Ret
040 ## - CATALOGING SOURCE
Original cataloging agency DPL
Language of cataloging EN
Transcribing agency 0
082 ## - DEWEY DECIMAL CLASSIFICATION NUMBER
Classification number 021.65
Item number IYE
100 ## - MAIN ENTRY--PERSONAL NAME
Personal name Iyer, V.K.
9 (RLIN) 37231
245 ## - TITLE STATEMENT
Title Networking and the future of libraries /
Statement of responsibility, etc by V.K.Iyer
260 ## - PUBLICATION, DISTRIBUTION, ETC. (IMPRINT)
Place of publication, distribution, etc Delhi
Name of publisher, distributor, etc Rajat Publications
Date of publication, distribution, etc 1999
270 ## - ADDRESS
Address 4/32, Geeta Colony
City Delhi
Postal code 110032
300 ## - PHYSICAL DESCRIPTION
Extent vi,288p.
Dimensions 22cm(Hb)
500 ## - GENERAL NOTE
General note Includes index
650 ## - SUBJECT ADDED ENTRY--TOPICAL TERM
Topical term or geographic name as entry element Library Science
9 (RLIN) 37232
650 ## - SUBJECT ADDED ENTRY--TOPICAL TERM
Topical term or geographic name as entry element Library information networks
9 (RLIN) 37233
942 ## - ADDED ENTRY ELEMENTS (KOHA)
Source of classification or shelving scheme Dewey Decimal Classification
Koha item type English Books
Classification part 021.65
Call number suffix IYE
Holdings
Withdrawn status Lost status Damaged status Not for loan Home library Current library Date acquired Source of acquisition Cost, normal purchase price Total Checkouts Full call number Barcode Date last seen Copy number Cost, replacement price Price effective from Koha item type Source of classification or shelving scheme Collection code
        Central Library Central Library 25/07/2015 Cen Lib/Ret 0.00   021.65 IYE B-019722 25/07/2015 1 0.00 25/07/2015 English Books    
      Not For Loan Central Library Central Library 01/12/2016 Cen Lib/Ret 0.00   021.65 IYE B-019723 01/12/2016 2 0.00 01/12/2016 English Books Dewey Decimal Classification Reference
        Patel Nagar Patel Nagar 03/08/2018 BPPD/PUB 500.00   021.65 IYE B-019724 03/08/2018   500.00 03/08/2018 English Books Dewey Decimal Classification Non-fiction

© Delhi Public Library
Hit Counter
free hit counter